Bài tập Vật ló đại cương Lương Duyên Bình T3 Quang học - vật lí lượng tử
Gespeichert in:
| 1. Verfasser: | |
|---|---|
| Format: | Buch |
| Veröffentlicht: |
Hà Nội
Giáo dục
2000
|
| Schlagworte: | |
| Tags: |
Tag hinzufügen
Keine Tags, Fügen Sie den ersten Tag hinzu!
|
| Thư viện lưu trữ: | Trung tâm Học liệu Lê Vũ Hùng, Trường Đại học Đồng Tháp |
|---|
| LEADER | 00698pam a22001938a 4500 | ||
|---|---|---|---|
| 001 | 00037706 | ||
| 005 | 20180725150757.0 | ||
| 008 | 170513s2000 ||||||Viesd | ||
| 041 | 0 | # | |a Vie |
| 082 | 1 | # | |a 516.076 |b B103T |
| 100 | 0 | # | |a Lương Duyên Bình |
| 245 | 0 | 0 | |a Bài tập Vật ló đại cương |b Lương Duyên Bình |n T3 |n Quang học - vật lí lượng tử |
| 260 | # | # | |a Hà Nội |b Giáo dục |c 2000 |
| 300 | # | # | |a 212tr. |c 21 cm |
| 653 | # | # | |a Bài tập vật ló đại cương T3 |
| 852 | # | # | |b Kho đọc |j KD.1000582 |
| 852 | # | # | |j KGT.0054181 |
| 910 | |d 13/05/2017 | ||
| 980 | # | # | |a Trung tâm Học liệu Lê Vũ Hùng, Trường Đại học Đồng Tháp |